| 000 -LEADER |
| fixed length control field |
00450cam a22001337a 4500 |
| 008 - FIXED-LENGTH DATA ELEMENTS--GENERAL INFORMATION |
| fixed length control field |
180718b1965 xxu||||| |||| 00| 0 eng d |
| 082 ## - DEWEY DECIMAL CLASSIFICATION NUMBER |
| Classification number |
R06x5442 M278m |
| 100 ## - MAIN ENTRY--PERSONAL NAME |
| Personal name |
Mathodi Labour Enquiry Committee |
| 245 ## - TITLE STATEMENT |
| Title |
Report of the Mathadi Labour Enquiry Committee, Greater Bombay, 1965 |
| Statement of responsibility, etc. |
by Mathodi Labour Enquiry Committee |
| 260 ## - PUBLICATION, DISTRIBUTION, ETC. |
| Place of publication, distribution, etc. |
Bombay |
| Name of publisher, distributor, etc. |
The author |
| Date of publication, distribution, etc. |
1965 |
| 300 ## - PHYSICAL DESCRIPTION |
| Extent |
47+p. |
| 500 ## - GENERAL NOTE |
| General note |
Chairman: K.R. Powar |
| 700 ## - ADDED ENTRY--PERSONAL NAME |
| Personal name |
Powar, K.R. (Chairman) |